000 00323nam a22001337a 4500
008 170911b xxu||||| |||| 00| 0 eng d
020 _a9780806986074
041 _aeng
080 _a53
100 _a43
101 _aFIZ
245 _aSIMPLE PHYSICS EXPERIMENTS WITH EVERYDAY MATERIALS
_cBRECKENRIDGE,J
942 _2udc
_cBK
999 _c27109
_d27109